LDR 00698naa#a2200205#i#450# 001 EN\\bibl\124936 005 20260605185427.5 011 ## _a1019-8946 100 ## _a20260603b2026####ek#y0engy0150####ca 101 0# _aRUS 102 ## _aRU 200 1# _aRisks of Suppressing Lactic Acid Process by Residual Disinfectants _eJournal article 210 1# _aKemerovo _cKemerovo State University _d2026 215 ## _a6 с. 608 ## _aJournal article _2local 675 ## _aСельское хозяйство. Лесное хозяйство. Охота. Рыбное хозяйство. 63 _zRUS 700 #1 _aSviridenko _gGalina M. 700 #1 _aZakharova _gMarina B. 700 #1 _aKomarova _gTatyana V. 856 4# _ajsocnet.ru _u